Neighbourhoods of Kamloops on the Map - Statistics

General Stats
  • This quiz has been taken 43 times
  • The average score is 12 of 24
Answers on the Map
Answers color-coded by a green-red scale on the quiz's map according to % correct below.
 
Answer Stats
Neighbourhood % Correct
Downtown
86%
Lower Sahali
77%
North Kamloops
77%
Upper Sahali
77%
Aberdeen
73%
Westsyde
73%
Valleyview
64%
Brocklehurst
59%
Juniper Ridge
55%
Barnhartvale
50%
Dallas
50%
Dufferin
50%
Rayleigh
50%
Rose Hill
45%
Thompson Rivers
45%
Batchelor Heights
41%
Tranquille
41%
West End
41%
Knutsford
36%
Mission Flats
32%
Campbell Creek
27%
Heffley Creek
27%
Noble Creek
27%
Southgate
23%
No matching quizzes found
Score Distribution
Percent of People with Each Score
Percentile by Number Answered
Your Score History
You have not taken this quiz